| 000 | 00421nam a22001457a 4500 | ||
|---|---|---|---|
| 005 | 20250222073520.0 | ||
| 008 | 250222b |||||||| |||| 00| 0 eng d | ||
| 020 | _a0815173563 | ||
| 050 |
_aRG1 _b.A264 |
||
| 245 |
_aAdvances in Obstetrics and Gynecology/ Volume 1 _ceditor-in-chief, John A. Rock |
||
| 260 |
_aSt. Louis _bMosby _c1994 |
||
| 300 |
_axviii. 448p. _bill. _c27cm |
||
| 700 | _aRock, John A. | ||
| 942 |
_2lcc _cBK _n0 |
||
| 999 |
_c4111 _d4111 |
||